| 000 | 01944nam a2200385 a 4500 | ||
|---|---|---|---|
| 001 | 000025077 | ||
| 005 | 20240513201349.0 | ||
| 008 | 110201s1989 ag a r 000 | spa d | ||
| 020 | _a9506940797 | ||
| 040 |
_aDO-SdBNP _bspa _cBNPHU |
||
| 082 |
_a303.4 _bB877e |
||
| 100 | 1 |
_aBrown, Lester Russell _951456 |
|
| 240 | 1 | 0 |
_aState of the world 1989. _lEspañol |
| 245 | 1 | 3 |
_aEl estado del mundo : _b1989 / _cLester Russell Brown ; Alan Durning ... [et al.] ; traducción Cecilia Absatz. |
| 260 |
_aBuenos Aires, (Argentina) : _bGrupo Editor Latinoamericano, _c1989. |
||
| 300 |
_a378 p. : _bil. ; _c23 cm. |
||
| 490 | 1 |
_aEstudios Políticos y Sociales _v212. 183 |
|
| 504 | _aIncluye notas : p. 323-378 | ||
| 505 | 0 |
_tPrefacio _tReconocimientos _tUn mundo en peligro / _rLester R. Brown, Christopher Flavin y Sandra Postel _tDetener la degradación de la tierra / _rSandra Postel _tReexaminar la perspectiva alimentaria del mundo / _rLester R. Brown _tAbandonar la tierra natal / _rJodi L. Jacobson _tProteger la capa de ozono / _rCynthia Pollock Shea _tRespuesta al sida / _rMichael Renner _tReforzar la seguridad mundial / _rLori Heise _tMovilización a nivel popular / _rMichael Renner _tReflexión a nivel popular / _rAlan B. Durning _tPerfilar un plan de acción global / _rLester R. Brown, Christopher Flavin y Sandra Postel |
|
| 534 |
_aTítulo original en inglés : _tState of the world 1989 |
||
| 650 | 0 |
_aCambio social _91661 |
|
| 650 | 4 |
_aEvolución social _92422 |
|
| 650 | 0 |
_aDesarrollo de la comunidad _9453 |
|
| 700 | 1 |
_aDurning, Alan _951457 |
|
| 700 | 1 |
_aFlavin, Christopher _948279 |
|
| 700 | 1 |
_aHeise , Lori _951458 |
|
| 700 | 1 |
_aJacobson, Jodi _951459 |
|
| 700 | 1 |
_aPostel, Sandra _948280 |
|
| 700 | 1 |
_aRenner, Michael _951460 |
|
| 700 | 1 |
_aShea, Cynthia Pollock _951461 |
|
| 700 | 1 |
_aStarke, Linda _951462 |
|
| 700 | 1 |
_aAbsatz, Cecilia, _etr. _951463 |
|
| 830 | 0 |
_aEstudios Políticos y Sociales ; _v212. 183 _928833 |
|
| 049 | _aBNGR | ||
| 999 |
_c24570 _d24570 |
||